Turkey Multiple Choice Quiz - Statistics

General Stats
  • This quiz has been taken 46 times
  • The average score is 7 of 10
Answer Stats
Question Answer % Correct
Turkey ranks first in the world in the production of which of the following? Hazelnut
90%
How many provinces are there in Turkey? 81
80%
What is the population of Turkey? 85 Million
80%
Which is the largest city in Turkey? Konya
80%
Which of the following is a Turkish dessert? Sütlaç
80%
Which city has no coastline? Gaziantep
70%
Which is not a neighboring country of Turkey? Russia
70%
When was the Republic of Türkiye established? 29 October 1923
60%
Which of the following places is not located in Turkey? Palmyra
50%
Which mosque is not located in İstanbul? Selimiye Mosque
10%
No matching quizzes found
Score Distribution
Percent of People with Each Score
Percentile by Number Answered
Your Score History
You have not taken this quiz